|
|
|
|
| LEADER |
00000cam a2200000 a 4500 |
| 001 |
58224 |
| 005 |
20230308162015.0 |
| 008 |
976012|1967 ||||||||r|||||||||||spa|| |
| 040 |
|
|
|b spa
|
| 041 |
1 |
|
|a spa
|
| 082 |
0 |
|
|a 378
|
| 245 |
|
|
|a Estudios en España
|c Instituto de Cultura Hispánica
|h imp
|
| 264 |
|
|
|a Madrid
|b Ediciones Cultura Hispánica
|c 1967
|
| 300 |
|
|
|a 526 páginas:
|c 20 cm
|
| 504 |
|
|
|a incl. ref.
|
| 650 |
|
7 |
|a Geografía universal
|9 4326
|
| 852 |
|
|
|a UC-CDJBV
|c ESTANTERIA CERRADA
|f Compra
|k npena
|l 1
|p 19760128
|q 20,00
|r 2
|t 58224
|d CDRC
|e CDRC
|g 378 ESTANTERIA CERRADA
|z 1976-60-12
|
| 942 |
|
|
|c BK
|
| 999 |
|
|
|c 16537
|d 16537
|